Kierunki lotnicze Warszawy - Statystyki

Ogólne statystyki
  • Ten quiz został rozwiązany 109 razy
  • Średni wynik to 33 z 95
Statystyki odpowiedzi
Lotniska % Poprawnych
Berlin
86%
Paryż
81%
Kraków
80%
Gdańsk
77%
Moskwa
77%
Oslo
76%
Nowy Jork
75%
Sztokholm
73%
Praga
72%
Amsterdam
71%
Madryt
69%
Szczecin
69%
Wrocław
67%
Barcelona
66%
Bruksela
65%
Monachium
65%
Tallinn
65%
Wilno
65%
Mińsk
63%
Wiedeń
63%
Stambuł
61%
Katowice
60%
Ryga
60%
Chicago
59%
Lublin
59%
Mediolan
59%
Budapeszt
58%
Hamburg
58%
Poznań
58%
Tokio
58%
Bukareszt
57%
Rzeszów
57%
Los Angeles
55%
Frankfurt
54%
Zagrzeb
54%
Petersburg
48%
Sofia
47%
Lwów
43%
Belgrad
40%
Seul
39%
Zurych
39%
Toronto
34%
Kiszyniów
33%
Zielona Góra
29%
Luksemburg
28%
Miami
28%
Tel Awiw
28%
Charków
27%
Tirana
27%
Odessa
25%
San Francisco
25%
Skopje
25%
Delhi
24%
Lublana
24%
Split
24%
Tbilisi
24%
Nicea
23%
Podgorica
23%
Wenecja
23%
Dusseldorf
22%
Nur-Sultan
20%
Singapur
20%
Genewa
19%
Erywań
18%
Koszyce
18%
Ostrawa
18%
Stuttgart
18%
Goteborg
17%
Warna
16%
Dubrownik
14%
Hanower
14%
Larnaka
12%
Zadar
11%
Bejrut
8%
Kowno
8%
Norymberga
8%
Billund
7%
Chania
6%
Korfu
6%
Rijeka
6%
Newark
5%
Zaporoże
4%
Kijów Boryspol
2%
Kijów Żuliany
2%
Kluż-Napoka
2%
Połąga
2%
Kolombo
1%
Londyn City
1%
Pekin-Daxing
1%
Washington
1%
Kalinngrad
0%
Kopencaga
0%
Londyn Hearthrow
0%
Pekin International
0%
Rimini
0%
Nie znaleziono quizów pasujących do podanych kryteriów
Rozkład punktacji
Procent ludzi z każdym wynikiem
Percentyl według liczby udzielonych odpowiedzi
Twoja historia wyników
Nie rozwiązałeś tego quizu